| 000 | 00798cam a22002414a 4500 | ||
|---|---|---|---|
| 001 | sa 68014866 | ||
| 003 | DLC | ||
| 005 | 20260227112636.0 | ||
| 008 | 840914s1968 ii a b 000 0 hino | ||
| 010 | _asa 68014866 | ||
| 040 |
_aDLC _cDLC _dDLC |
||
| 050 | 0 | 0 |
_aPK2041 _b.V45 1968 |
| 100 | 0 | _aVinaya Kumāra. | |
| 245 | 1 | 0 |
_aHindī ke samasyā nāṭaka / _c[Vinaya Kumāra]. |
| 246 | 1 |
_iTitle on t.p. verso: _aHindi ke samasya natak |
|
| 250 | _a1. saṃskaraṇa. | ||
| 260 |
_aIlāhābāda : _bNīlābha Prakāśana, _c1968. |
||
| 300 |
_a554 p. : _bill. ; _c23 cm. |
||
| 546 | _aIn Hindi. | ||
| 500 | _a"Bihāra Viśvavidyālaya kī Dī. liṭa. upādhi ke nimitta svīkr̥ta śodha-prabandha." | ||
| 504 | _aBibliography: p. [549]-554. | ||
| 650 | 0 |
_aHindi drama _xHistory and criticism. |
|
| 999 |
_c86073 _d86073 |
||